Saints For Girls (Record no. 14084)

MARC details
000 -LEADER
fixed length control field 00402nam a2200145Ia 4500
008 - FIXED-LENGTH DATA ELEMENTS--GENERAL INFORMATION
fixed length control field 211109s9999||||xx |||||||||||||| ||und||
082 ## - DEWEY DECIMAL CLASSIFICATION NUMBER
Classification number 270.0922
Item number SAV-S
100 ## - MAIN ENTRY--PERSONAL NAME
Personal name Savite Nun, A
245 #0 - TITLE STATEMENT
Title Saints For Girls
260 ## - PUBLICATION, DISTRIBUTION, ETC.
Name of publisher, distributor, etc. Sands and Co
Place of publication, distribution, etc. London
Date of publication, distribution, etc. 1943
300 ## - PHYSICAL DESCRIPTION
Extent 207p.
630 ## - SUBJECT ADDED ENTRY--UNIFORM TITLE
General subdivision General Stack
650 ## - SUBJECT ADDED ENTRY--TOPICAL TERM
Topical term or geographic name entry element Religion
942 ## - ADDED ENTRY ELEMENTS (KOHA)
Koha item type BOOK
650 ## - SUBJECT ADDED ENTRY--TOPICAL TERM
Form subdivision ChristianityCatholic ChurchSaints
General subdivision Catholic Women Saints
Holdings
Withdrawn status Lost status Damaged status Not for loan Home library Current library Date acquired Cost, normal purchase price Total Checkouts Full call number Barcode Shelving location Date last seen Price effective from Koha item type
        SB LIBRARY SB LIBRARY 09/11/2021 100.00   270.0922 SAV-S 00014677 GENERAL STACK 09/11/2021 09/11/2021 BOOK

Powered by Koha